Spectroscopy of polymers /

Guardado en:
Autor Principal: Koenig, Jack L.
Formato: Libro
Idioma:English
Publicado: Washington, DC : American Chemical Society, 1992.
Series:ACS professional reference book
Materias:
Acceso en línea:Descripción
Tabla de contenido
Etiquetas: Agregar Etiqueta
Sin Etiquetas, Sea el primero en etiquetar este registro!
LEADER 01063pam a22002775a 4500
001 EIQ.libpla003616
008 910307s1992####dcua#####b####001#0#eng#d
005 20080219184133.0
245 1 0 |a Spectroscopy of polymers /  |c Jack L. Koenig. 
260 |a Washington, DC :  |b American Chemical Society,  |c 1992. 
300 |a xvi, 328 p. :  |b il. (algunas col.) ;  |c 29 cm. 
440 0 |a ACS professional reference book 
504 |a Incluye referencias bibliográficas e índice. 
020 |a 0841219044 (alk. paper) 
020 |a 0841219249 (pbk. : alk. paper) 
100 1 |a Koenig, Jack L. 
082 0 0 |a 547.7/046  |2 20 
650 4 |a Polímeros  |x Análisis. 
650 4 |a Polímeros  |x Espectroscopía. 
650 0 |a Polymers  |x Analysis. 
650 0 |a Polymers  |x Spectroscopy. 
010 |a  91013352  
040 |a DLC  |c DLC  |d AR-BbSID 
856 4 2 |3 Descripción  |u http://www.loc.gov/catdir/enhancements/fy0639/91013352-d.html 
856 4 1 |3 Tabla de contenido  |u http://www.loc.gov/catdir/enhancements/fy0639/91013352-t.html 
859 |a AR-BbSID  |b BIB. PLAPIQUI  |h 547.704 6  |i K 818  |p 4137